Closest Genetic Populations to the Germans - Statistics

General Stats
  • This quiz has been taken 30 times
  • The average score is 8 of 12
Answer Stats
Genetic Distance Ethnicity % Correct
1.233 Austrian
93%
2.186 French
93%
1.841 Danish
87%
1.162 Dutch
87%
1.605 English
83%
2.095 Norwegian
73%
1.902 Belgian
60%
1.787 Scottish
60%
2.061 Irish
53%
1.557 Welsh
43%
2.103 Hungarian
30%
2.241 Breton
20%
No matching quizzes found
Score Distribution
Percent of People with Each Score
Percentile by Number Answered
Your Score History
You have not taken this quiz